| 000 | 00455nam a2200169Ia 4500 | ||
|---|---|---|---|
| 005 | 20250424120226.0 | ||
| 008 | 250424s9999 xx 000 0 und d | ||
| 022 | _a1537338X | ||
| 050 | _aHF 1101 .B69/ | ||
| 245 | 0 | _aBizEd | |
| 260 | _aSt. Louis, MO | ||
| 260 | _bAACSB International | ||
| 260 | _c2011 | ||
| 300 | _a88 p. : col. : iil. ; 28 cm. | ||
| 650 | _aBusiness education--Periodical Management--Study and teaching--Periodical | ||
| 942 | _cSR | ||
| 999 |
_c38100 _d38100 |
||